LEADER 01438nam a2200337 a 4500 001 000000130279 003 CaOOAMICUS 005 20120920143341.0 008 120920s2012 it u000 u ita r 020 $a978-88-13-31441-5 040 $aPUL$bita 082 04$a340.1 100 1 $aTasso, Torquato G.$0(OLS)http://pul/name/82220 245 10$aOltre il diritto :$balla ricerca della giuridicitą del fatto /$cTorquato G. Tasso. 260 $aPadova :$bCEDAM,$c2012$aMilanofiori Assago :$bWolters Kluwer,$c©2012. 300 $aXVI, 313 p. ;$c24 cm. 490 1 $aTesta di Gorgone ;$v01 500 $aInclude indice. 504 $aBibliografia in nota. 650 4$aFilosofia del diritto.$0(OLS)http://pul/subject/620 830 0$aTesta di Gorgone ;$v01.$0(OLS)http://pul/title/164661 850 $aPUL 852 $aPUL$W1$xSL Diritto e Scienze Sociali 3$y79$m340. 1 TASTO 1$j150807$qDDC 21$B149383$CPULBib$Z2$F149383 $H120683 $82 941 1 $a9 960 $aDiritto$xFilosofia$9620 996 $6020$a978-88-13-31441-5$9(OLS)http://pul/number/150539 996 $6082$a340.1$9(OLS)http://pul/classification/476 996 $6245$aOltre il diritto :$balla ricerca della giuridicitą del fatto$9(OLS)http://pul/title/164660 996 $6260$aPadova :$bCEDAM$9(OLS)http://pul/publisher/48126 996 $6260$aMilanofiori Assago :$bWolters Kluwer$9(OLS)http://pul/publisher/81463 LEADER 01310nam a2200313 a 4500 001 000000167820 003 CaOOAMICUS 005 20180522145911.0 008 180522s2007 it 000 u ita r 020 $a978-88-372-2191-1* 032 $aLibriCat 040 $aPUL$bita 100 1 $aPoliti, Marco.$0(OLS)http://pul/name/92792 245 10$aPapa Wojtyla : $bl'addio / $cMarco Politi ; prefazione di Andrea Riccardi . 260 $aBrescia :$bMorcelliana,$c©2007. 300 $a179 p. ; $c19 cm. 600 04$aIohannes Paulus PP.$bII,$cs.,$d1920-2005.$0(OLS)http://pul/subject/1393 700 1 $aRiccardi, Andrea,$d1950-$0(OLS)http://pul/name/1865 850 $aPUL 852 $aPUL$W1$xDP1 Fondo Dalla Palma$y117$m3 F 50$j167003$qFondi$B195552$CPULBib$Z2$F195552 $HDal1882 $81 941 1 $a1 960 $aPapi (1978-2005 : Iohannes Paulus PP. II)$91393 960 $aPapi (1978-2005 : Iohannes Paulus PP. II)$91393 960 $aWojtyla, Karol,$d1920-2005$91393 960 $aGiovanni Paolo$bII,$cpapa, b.,$d1920-2005$91393 996 $6020$a978-88-372-2191-1*$9(OLS)http://pul/number/164136 996 $6245$aPapa Wojtyla : $bl'addio / $9(OLS)http://pul/title/207945 996 $6260$aBrescia :$bMorcelliana$9(OLS)http://pul/publisher/47854